| 000 | nam a22 a 4500 | ||
|---|---|---|---|
| 999 |
_c2842 _d2842 |
||
| 005 | 20170518113503.0 | ||
| 008 | 170518b1985 ohu||||| |||| 00| 0 eng d | ||
| 020 | _a053823850x | ||
| 040 | _aAKMAL | ||
| 082 | 0 | 4 | _a652.5 CAS |
| 090 |
_a652.5 _bCAS |
||
| 100 |
_aCasady, Mona J _95993 |
||
| 245 | _aWord Information Processing | ||
| 260 |
_aOhio _bSouth-Western Publishing Co. _c1985 |
||
| 300 |
_a466p _c24cm |
||
| 700 |
_aSandburg, Dorothy _95994 |
||
| 942 |
_2ddc _cBOOK |
||